Laboratory instruments: their design and application

Gespeichert in:
Bibliographische Detailangaben
Hauptverfasser: Elliott, A (VerfasserIn), Dickson, Home J (VerfasserIn)
Format: Buch
Sprache:Englisch
Veröffentlicht: Nueva York Chemical Publishing 1960
Schlagworte:
Tags: Tag hinzufügen
Keine Tags, Fügen Sie den ersten Tag hinzu!

MARC

LEADER 00000nam a2200000 a 4500
001 UCR4975
003 CL-VaPUC
008 980320e19600000US |||||||||||||||||eng|d
082 0 4 |a 502.8  |b ELL  |2 21 
100 0 |a Elliott, A  |e author  |9 405620 
700 0 |a Dickson, Home J  |e author  |9 405621 
245 1 0 |a Laboratory instruments: their design and application 
300 |a 530 p 
942 |c BK 
945 |d 19980320 00:00:00  |a crobeson 
260 |a Nueva York  |b Chemical Publishing  |c 1960 
650 7 |a EQUIPO DE LABORATORIO  |2 CL-VaPUC  |9 361164 
650 7 |a INSTRUMENTOS  |2 CL-VaPUC  |9 354981 
583 |a last modification  |c 19980320 00:00:00  |k Rodrigo Vera 
999 |c 267750  |d 267748 
952 |0 0  |1 0  |4 0  |6 502_800000000000000_ELL_1960  |7 0  |8 A  |9 300263  |a BIBALI  |b BIBALI  |c GEN  |d 2019-11-20  |i 1969056  |o 502.8 ELL 1960  |p 1969056  |r 2025-01-20  |w 2019-11-20  |y BK  |k ALI